|
|
|
|
| LEADER |
00693nab a2200169 i 4500 |
| 001 |
acta30 |
| 005 |
20210616155835.0 |
| 008 |
161015s1925 hu o 0|| ger d |
| 040 |
|
|
|a SZTE Egyetemi Kiadványok Repozitórium
|b hun
|
| 041 |
|
|
|a ger
|
| 100 |
2 |
|
|a Dr. Ferenczi István
|
| 245 |
1 |
4 |
|a Der Stoff der in der Fundstätte von Tordos gefundenen Steinwerkzunge (Abkürzung)
|h [elektronikus dokumentum] /
|c Dr. Ferenczi István
|
| 260 |
|
|
|c 1925
|
| 300 |
|
|
|a 96
|
| 490 |
0 |
|
|a Dolgozatok a Magyar Királyi Ferencz József Tudományegyetem Archaeologiai Intézetéből
|v 1
|
| 695 |
|
|
|a Tordos, kőszerszám, neolit ember
|
| 856 |
4 |
0 |
|u http://acta.bibl.u-szeged.hu/30/1/dolgozatok_1925_096.pdf
|z Dokumentum-elérés
|